Top 15 most streamed Lil Baby songs - Statistics

General Stats
  • This quiz has been taken 276 times
  • The average score is 7 of 15
Answer Stats
Rank Streams Songs % Correct
3. 698,815,538 Freestyle
84%
1. 1,477,394,445 Drip Too Hard
82%
2. 1,104,618,553 Yes Indeed
65%
8. 414,867,213 We Paid
59%
4. 645,814,281 Pure Cocaine
56%
7. 418,865,376 Woah
52%
5. 441,462,222 Sum 2 Prove
50%
12. 287,930,548 Emotionally Scarred
45%
15. 237,696,555 Low Down
44%
6. 425,987,127 Close Friends
40%
9. 412,927,770 Life Goes On
38%
13. 253,368,268 The Bigger Picture
31%
10. 365,185,776 On Me
27%
11. 361,722,620 Never Recover
22%
14. 238,848,901 Ready
20%
No matching quizzes found
Score Distribution
Percent of People with Each Score
Percentile by Number Answered
Your Score History
You have not taken this quiz